Catálogo

Vista normal Vista MARC

Entrada Personal Name

Número de registros utilizados en: 1

001 - CONTROL NUMBER

  • control field: 17544

003 - CONTROL NUMBER IDENTIFIER

  • control field: DLC

005 - DATE AND TIME OF LATEST TRANSACTION

  • control field: 20251002125740.0

008 - FIXED-LENGTH DATA ELEMENTS

  • fixed length control field: 010125n| azannaabn |a aaa

010 ## - LIBRARY OF CONGRESS CONTROL NUMBER

  • LC control number: n 2001024987

035 ## - SYSTEM CONTROL NUMBER

  • System control number: (OCoLC)oca05402003

040 ## - CATALOGING SOURCE

  • Original cataloging agency: DLC
  • Language of cataloging: spa
  • Transcribing agency: Mx-PuUPA
  • Modifying agency: DLC
  • Description conventions: rda
  • Modifying agency: ICrlF
  • Modifying agency: DLC
  • Modifying agency: Mx-PuUPA

046 ## - SPECIAL CODED DATES

  • Birth date: 1960
  • Source of date scheme: edtf

053 #0 - LC CLASSIFICATION NUMBER

  • Classification number element--single number or beginning number of span: PS3603.A4535

053 #0 - LC CLASSIFICATION NUMBER

  • Classification number element--single number or beginning number of span: PZ7.C1442
  • Explanatory term: Juvenile fiction, English

100 1# - HEADING--PERSONAL NAME

  • Personal name: Cameron, W. Bruce,
  • Dates associated with a name: 1960-

370 ## - ASSOCIATED PLACE

  • Place of birth: Petoskey (Michigan)
  • Place of residence/headquarters: California
  • Other associated place: Colorado

372 ## - FIELD OF ACTIVITY

  • Field of activity: Humor
  • Field of activity: Novela

374 ## - OCCUPATION

  • Occupation: Humorista
  • Occupation: Novelista
  • Occupation: Autor

375 ## - GENDER

  • Gender: hombre

377 ## - ASSOCIATED LANGUAGE

  • Language code: eng

378 ## - FULLER FORM OF PERSONAL NAME

  • Fuller form of personal name: William Bruce

400 1# - SEE FROM TRACING--PERSONAL NAME

  • Personal name: Cameron, William Bruce,
  • Dates associated with a name: 1960-

670 ## - SOURCE DATA FOUND

  • Source citation: Cameron, W. Bruce. 8 simple rules for dating my teenage daughter, 2001:
  • Information found: CIP t.p. (W. Bruce Cameron) pub. info. (humorist whose column appears in the Denver Rocky Mountain news; he lives in Evergreen, colo.)

670 ## - SOURCE DATA FOUND

  • Source citation: The dog master, 2015:
  • Information found: t.p. W. Bruce Cameron) dust jacket (lives in California)

670 ## - SOURCE DATA FOUND

  • Source citation: Wikipedia, Sept. 11, 2015
  • Information found: (William Bruce Cameron, born 1960 in Petoskey, Michigan; American humor columnist;